000 00421pab a2200169 454500
008 180718b2001 xxu||||| |||| 00| 0 eng d
100 _aGundu Rao, N.C.
245 _aThe sorry state of lokayukta: need for reactivation
260 _c2001
300 _ap.8
362 _a10 Jul
650 _aPublic administration
650 _aOmbudsman - India
650 _aOmbudsman
773 _aDeccan Herald
909 _a50534
999 _c50534
_d50534